Curso de Hijiene: arreglado en un todo al nuevo programa: VI año
Збережено в:
| Автор: | |
|---|---|
| Формат: | Книга |
| Мова: | Іспанська |
| Опубліковано: |
Santiago
Universo
1920
|
| Редагування: | 4a. ed |
| Серія: | Curso Completo de Ciencias Biolójicas
|
| Предмети: | |
| Теги: |
Додати тег
Немає тегів, Будьте першим, хто поставить тег для цього запису!
|
MARC
| LEADER | 00000nam a2200000 a 4500 | ||
|---|---|---|---|
| 001 | UCZ8548 | ||
| 003 | CL-VaPUC | ||
| 008 | 960121e19200000CL |||||||||||||||||spa|d | ||
| 082 | 0 | 4 | |a 372.37 |b QUI |2 21 |
| 100 | 0 | |a Quijada B., Bernardino |e author |9 353883 | |
| 245 | 1 | 0 | |a Curso de Hijiene: arreglado en un todo al nuevo programa: VI año |
| 250 | |a 4a. ed | ||
| 300 | |a v | ||
| 942 | |c BK | ||
| 945 | |d 19960121 00:00:00 |a lriquelm | ||
| 260 | |a Santiago |b Universo |c 1920 | ||
| 650 | 7 | |a HIGIENE |2 CL-VaPUC |9 353884 | |
| 650 | 0 | |a Salud |9 258663 | |
| 650 | 7 | |a EDUCACION SANITARIA |2 CL-VaPUC |9 339099 | |
| 650 | 0 | |a Enfermedades |9 263059 | |
| 650 | 7 | |a EDUCACION NUTRICIONAL |2 CL-VaPUC |9 338422 | |
| 650 | 7 | |a EDUCACION ANTIDROGADICCION |2 CL-VaPUC |9 331652 | |
| 583 | |a last modification |c 20170905 12:38:29 |k Rodrigo Vera | ||
| 490 | 0 | |a Curso Completo de Ciencias Biolójicas | |
| 999 | |c 244413 |d 244411 | ||
| 952 | |0 0 |1 0 |4 0 |6 372_370000000000000_QUI_1920 |7 0 |8 P |9 258472 |a BIBEDU |b BIBEDU |c BIBEDU_PB |d 2019-11-19 |h v.11 |i 1619403 |o 372.37 QUI 1920 |p 1619403 |r 2024-01-25 |w 2019-11-19 |y BK |k EDU | ||